Normal view
MARC view
- الفلاسفة-تراجم-الادباء-تراجم-المسلمون-تراجم
Entry Topical Term
001 - CONTROL NUMBER
- control field: 39894
003 - CONTROL NUMBER IDENTIFIER
- control field: JO-AjAnu
005 - DATE AND TIME OF LATEST TRANSACTION
- control field: 20230606080630.0
008 - FIXED-LENGTH DATA ELEMENTS
- fixed length control field: 230606|| aca||aabn | a|a d
040 ## - CATALOGING SOURCE
- Original cataloging agency: JO-AjAnu
- Transcribing agency: JO-AjAnu
150 ## - HEADING--TOPICAL TERM
- Topical term or geographic name entry element: الفلاسفة-تراجم-الادباء-تراجم-المسلمون-تراجم
670 ## - SOURCE DATA FOUND
- Source citation: Work cat.: (JO-AjAnu)20454: غريب، مأمون, author 39893, قمم في الدين والفلسفة والأدب